00673cam a22002173a 45000010005000000030006000050050017000110080041000280400015000690420007000840500009000911000029001002450082001292600029002115060030002405160020002706530048002906530048003388300028003868560041004141379PGUSA20140828083000.0980701s1998||||xxu|||||s|||||000 | eng d aPGUSAbeng adc 4aE1511 aWister, Owen,d1860-193812aA Straight Deal; Or, The Ancient Grudgeh[electronic resource] /cOwen Wister bProject Gutenberg,c1998 aPublic domain in the USA. aElectronic text aUnited States -- Relations -- Great Britain aGreat Britain -- Relations -- United States 0aProject Gutenbergv137940uhttp://www.gutenberg.org/ebooks/1379